Matemática 1 /
Guardado en:
| Autor Principal: | |
|---|---|
| Formato: | Libro |
| Publicado: |
Buenos Aires :
Puerto de Palos,
2013
|
| Series: | Logonautas. Aventuras del Conocimiento
|
| Materias: | |
| Etiquetas: |
Agregar Etiqueta
Sin Etiquetas, Sea el primero en etiquetar este registro!
|
| LEADER | 01060nam a22003255a 4500 | ||
|---|---|---|---|
| 001 | CEM.cems014537 | ||
| 005 | 20141211164606.0 | ||
| 008 | 130507s2013##################000#0#####d | ||
| 003 | CEMS | ||
| 020 | |a 9789875472990 | ||
| 082 | 0 | 4 | |a Z510 |
| 100 | 1 | |a Guerberoff, Gioia Noemí | |
| 245 | 1 | 0 | |a Matemática 1 / |c Gioia Noemí Guerberoff ... y Otros |
| 260 | |a Buenos Aires : |b Puerto de Palos, |c 2013 | ||
| 300 | |a 256 p. | ||
| 490 | 0 | |a Logonautas. Aventuras del Conocimiento | |
| 505 | 0 | |a Números naturales -- Fracciones y expresiones decimales -- Rectas y ángulos -- Figuras planas -- Funciones -- Cuerpos -- Probabilidad y estadística -- Números enteros | |
| 653 | |a Matemática | ||
| 653 | |a Números naturales | ||
| 653 | |a Fracciones | ||
| 653 | |a Expresiones decimales | ||
| 653 | |a Rectas | ||
| 653 | |a Angulos | ||
| 653 | |a Figuras planas | ||
| 653 | |a Funciones | ||
| 653 | |a Cuerpos | ||
| 653 | |a Probabilidad | ||
| 653 | |a Estadística | ||
| 653 | |a Números enteros | ||
| 859 | |a CEMS |b BIB. CEMS - 11 de abril |h Z510 |i G936 |p 27097.14 |t Ej.1 |v 1 |3 1 | ||
